| 000 | 00813nam a2200277Ia 4500 | ||
|---|---|---|---|
| 003 | OSt | ||
| 005 | 20221006144516.0 | ||
| 006 | a|||||r|||| 00| 0 | ||
| 007 | ta | ||
| 008 | 221006b |||||||| |||| 00| 0 eng d | ||
| 020 |
_aB0000CQQFU _c45.00 |
||
| 024 | _a11,858 | ||
| 037 | _cTextual | ||
| 040 |
_aEASL _cEASL _beng |
||
| 041 |
_2eng _aeng |
||
| 082 | _aV2:1944Q7.N7, L7 | ||
| 100 | _aMehta Narinder | ||
| 245 | 0 |
_aForeign policies of India and her neighbours _b India, Pakistan, Sri Lanka, Nepal, Bhutan and Bangla Desh |
|
| 260 |
_aJullundur _bNew Academic Pub. India _c1977 |
||
| 300 |
_a120p. _ccm. |
||
| 490 | _v Gen | ||
| 650 | _a Gen | ||
| 650 |
_aIndia - Foreign relations _928675 |
||
| 942 |
_hV2:1944Q7.N7, L7 _cTEXL _2CC |
||
| 999 |
_c1079944 _d1079944 |
||